00282nam a2200121Ia 4500008004100000082001400041100001600055245002700071250000800098260003800106300000800144650000800152191201s2011 xx 000 0 und d a658.45ARB aARORA,Vikas 0aBusiness Communication aRev aN. delhibGlobal vision pubc2011 a296 aBBA